|
|
|
|
| LEADER |
00900nab a2200205 i 4500 |
| 001 |
misc73954 |
| 005 |
20241018114838.0 |
| 008 |
231213s1967 hu o 000 hun d |
| 040 |
|
|
|a SZTE Miscellanea Repozitórium
|b hun
|
| 041 |
|
|
|a hun
|
| 100 |
2 |
|
|a Szent-Györgyi Albert
|
| 245 |
1 |
0 |
|a Keto-aldehydes and cell division
|h [elektronikus dokumentum] :
|b glyoxal derivatives may be regulators of cell division and open a new approach to cancer /
|c Szent-Györgyi Albert
|
| 260 |
|
|
|a American Association for the Advancement of Science
|b Washington, D.C.
|c 1967-02-03
|
| 300 |
|
|
|a 539-541
|
| 490 |
0 |
|
|a Science
|v 155 No. 3762
|
| 561 |
|
|
|a Szent-Györgyi Albert tudományos és egyéb írásai
|
| 695 |
|
|
|a Sejtosztódás, Rákkutatás, Keto-aldehidek
|
| 700 |
0 |
1 |
|a Együd Laszlo G.
|e aut
|
| 700 |
0 |
1 |
|a McLaughlin Jane A.
|e aut
|
| 856 |
4 |
0 |
|u http://misc.bibl.u-szeged.hu/73954/1/szgya_magyar_333.pdf
|z Dokumentum-elérés
|